000 00752nam a22002057a 4500
999 _c195730
_d195730
005 20230419104612.0
010 _aUR-11947
020 _a9789383239238
_c250.00
035 _aU-10502
037 _bDBAD/PUB
082 _a840
245 _aمظہر ادب /
_cایڑٹر - قاضی حبیب احمد اور کے ۔ ایچ ۔ کلیم اللّہ
246 _aMazhar-E-Adab /
_bed. by Khazi Habeeb Ahmed [and] K.H. Kaleemullah
260 _aNew Delhi
_bApplied Books
_c2015 ء
270 _a1739/10, New Kohinoor Hotel, Pataudi House, Darya Ganj
_bNew Delhi
_e110002
300 _a394 ص
_c22cm(pbk)
700 _aقاضی حبیب احمد
700 _aکے ۔ ایچ ۔ کلیم اللّہ
942 _2ddc
_cUR
_h840
_mم ظ ہ